01521nam a2200277 a 450000100100000000500170001000800410002704000250006808200160009310000410010924500850015026000610023530000200029650000630031659000270037965000540040665000550046065000530051591000370056895201290060595201290073495201290086395201140099295201200110699900170122600002007420200929170244.0100720s2000 dr 000 0 spa d aDO-SdBNPbspacBNPHU a306.4bE77p1 aEspinal, Cayo Claudio,d1955-91790614aLas políticas culturales en la República Dominicana /cCayo Claudio Espinal. aSanto Domingo :bConsejo Presidencial de Cultura,c2000. a47 p. ;c22 cm. aIncluye datos biográficos del autor en la contracubierta aInventariado, 2018/MFF 4aPolítica culturalzRepública Dominicana91984 4aPatrimonio culturalzRepública Dominicana942642 4aIndustria culturalzRepública Dominicana91986 aValidado. Control de calidad MFF 001054708DSaGRbGRcHDd2010-11-24iLF1l0o306.4 E77pp20074-30r2020-06-25te. 3w2020-06-25yLFDSZPréstamo en sala 001054708DSaGRbGRcHDd2010-11-24iLF1l0o306.4 E77pp20074-40r2020-06-25te. 4w2020-06-25yLFDSZPréstamo en sala 001054708DSaGRbGRcHDd2010-11-24iLF1l0o306.4 E77pp20074-50r2020-06-25te. 5w2020-06-25yLFDSZPréstamo en sala 0010718PDaPDbPDcHDd2010-07-20iLF1l0o306.4 E77pp20074-10r2020-06-25w2020-06-25yLFPDZNo se presta 0010718PDaPDbPDcHDd2010-09-06iLF1l0o306.4 E77pp20074-20r2020-06-25te. 2w2020-06-25yLFPDZNo se presta c19582d19582